书目信息 |
| 题名: |
包装艺术设计
|
|
| 作者: | 黄吉淳 , 陈琏年 编著 | |
| 分册: | ||
| 出版信息: | 重庆 重庆大学出版社 2002 |
|
| 页数: | 84页 | |
| 开本: | 29cm | |
| 丛书名: | 高等院校艺术设计专业丛书 | |
| 单 册: | ||
| 中图分类: | J524.2 | |
| 科图分类: | ||
| 主题词: | 包装--设计--高等学校 | |
| 电子资源: | ||
| ISBN: | 7-5624-2625-2 | |
| 000 | 00876oam2 2200253 45 | |
| 001 | 002182094 | |
| 005 | 20050329140858.2 | |
| 010 | @a7-5624-2625-2@dCNY33.00 | |
| 100 | @a20021031d2002 em y0chiy0110 ea | |
| 101 | 0 | @achi |
| 102 | @aCN@b500000 | |
| 105 | @aa z 000yy | |
| 200 | 1 | @a包装艺术设计@Abao zhuang yi shu she ji@f黄吉淳,陈琏年编著@FHuang Ji Chun,Chen Lian Nian Bian Zhu |
| 210 | @a重庆@c重庆大学出版社@d2002 | |
| 215 | @a84页@c图@d29cm | |
| 225 | 2 | @a高等院校艺术设计专业丛书 |
| 330 | @a本书内容包括:包装艺术设计的概念及分类、包装艺术设计的要素、包装艺术设计的创意、包装艺术设计的视觉传达、包装艺术设计的材料及工艺属性等。 | |
| 410 | @12001 @a高等院校艺术设计专业丛书 | |
| 606 | 0 | @a包装@x设计@x高等学校 |
| 690 | @aJ524.2@v4 | |
| 701 | 0 | @a黄吉淳@4编著 |
| 701 | 0 | @a陈琏年@4编著 |
| 801 | 0 | @aCN@bNLC@c20030526 |
| 905 | @b346651-653@dJ524.2@e112@f3 | |
| 包装艺术设计/黄吉淳,陈琏年编著.-重庆:重庆大学出版社,2002 |
| 84页:图;29cm.-(高等院校艺术设计专业丛书) |
| ISBN 7-5624-2625-2:CNY33.00 |
| 本书内容包括:包装艺术设计的概念及分类、包装艺术设计的要素、包装艺术设计的创意、包装艺术设计的视觉传达、包装艺术设计的材料及工艺属性等。 |
| ● |
| 相关链接 |
|
|
|
|
正题名:包装艺术设计
索取号:J524.2/112
 
预约/预借
| 序号 | 登录号 | 条形码 | 馆藏地/架位号 | 状态 | 备注 |
| 1 | 0346651 | 203466515 | 第一样本阅览室/ [索取号:J524.2/112] | 在馆 | |
| 2 | 0346652 | 203466524 | 第一借阅区/ [索取号:J524.2/112] | 在馆 | |
| 3 | 0346653 | 203466533 | 第一借阅区/ [索取号:J524.2/112] | 在馆 |